000 00427nam a2200157Ia 4500
008 210210b1995 xxu||||| |||| 00| 0 eng d
020 _a81 206 1034 2
082 _a954.87 HENT
100 _aHENTY (G A).
245 _aTiger of Mysore a story of the war with Tippoo saib.
260 _aNew Delhi.
_bAsian Educational Services.,
_c1995
300 _a368
650 _aTippu
690 _aKarnataka History
906 _a050277
999 _c98919
_d98919